Statistiques concernant Surnoms de personnages - Harry Potter

Cliquez ici pour prendre le quiz!

Statistiques générales

  • Ce quiz a été pris 2 876 fois
  • Le résultat moyen est 9 sur 10

Statistiques - réponses

SurnomVéritable identité% Correct
Lord VoldemortTom Elvis Jedusor
97%
Fol-ŒilAlastor Maugrey
93%
Le Prince de Sang-MêléSeverus Rogue
92%
Le SurvivantHarry Potter
90%
PatmolSirius Black
90%
LunardRemus Lupin
87%
CornedrueJames Potter
84%
MollynetteMolly Weasley
82%
QueudverPeter Pettigrow
82%
FleurkFleur Delacour
72%

Distribution des résultats

Percentile par nombre de réponses

% des personnes avec chaque résultat

Votre développement - résultats

Vous n’avez pas pris ce quiz